| 000 | 00785nam a2200277 a 4500 | ||
|---|---|---|---|
| 001 | 62987 | ||
| 003 | BD-RjUL | ||
| 005 | 20211209081140.0 | ||
| 008 | 170126s2003 ii 001 0 eng d | ||
| 020 | _a817649433X | ||
| 035 | _a(BD-RjUL)63115 | ||
| 040 |
_aBD-RjUL _beng _cBD-RjUL _dBD-RjUL |
||
| 041 | _aeng | ||
| 082 |
_223 _a821 _bWAS 2003 |
||
| 245 | 1 | 4 |
_aThe waste land / _cTony Davies; Nigel Wood |
| 250 | _a1st Indian ed. | ||
| 260 |
_aNew Delhi : _bViva Book private ltd., _c2003 |
||
| 300 |
_axii, 162 p. ; _c22 cm. |
||
| 490 | _aTheory in practice series. | ||
| 500 | _aIncludes index | ||
| 650 |
_aEnglish poetry. _9179095 |
||
| 700 |
_a Davies, Tony _9182469 |
||
| 700 |
_aWood, Nigel _9187340 |
||
| 830 |
_aTheory in practice series. _9187341 |
||
| 942 |
_2ddc _cBK |
||
| 999 |
_c62987 _d62987 |
||